Capoluoghi della Sardegna da Nord a Sud - Statistics

Statistiche generali
  • Questo quiz è stato fatto 13 volte
  • Il punteggio medio è 5 su 5
Statistiche sulle risposte
Latitudine Capoluogo % Corretto
39° 12' 54"N Cagliari
100%
40° 19' 16"N Nuoro
100%
40° 43' 38"N Sassari
100%
39° 54' 19"N Oristano
92%
39° 09' 59"N Carbonia
75%
Nessun quiz corrispondente trovato
Distribuzione punteggi
Percentuale di utenti per punteggio
Percentile per numero di risposta
I tuoi punteggi nel tempo
Non hai fatto questo quiz